Enseñanza agrícola en la facultad de ciencias agronómicas. Cochabamba, Bolivia, informe final /

Guardado en:
Autor Corporativo: Organización de las Naciones Unidas para la Agricultura y la Alimentación
Formato: Libro
Idioma:Spanish
Publicado: Roma : Organización de las Naciones Unidas para la Agricultura y la alimentación, 1967.
Etiquetas: Agregar Etiqueta
Sin Etiquetas, Sea el primero en etiquetar este registro!
LEADER 00679nam a22001455a 4500
001 EUN.um023630
003 AR-BaUNS
005 20050623122902.0
008 041125s1967####it############000#0#spa#d
245 1 0 |a Enseñanza agrícola en la facultad de ciencias agronómicas. Cochabamba, Bolivia, informe final /  |c Organización de las Naciones Unidas para la Agricultura y la Alimentación. 
260 |a Roma :  |b Organización de las Naciones Unidas para la Agricultura y la alimentación,  |c 1967. 
300 |a 129 p. 
082 0 4 |a 378.9963 
110 2 |a Organización de las Naciones Unidas para la Agricultura y la Alimentación  |c Roma. 
859 |a Ar-BaUNS  |b BIB. CENTRAL - Sector C  |h 378.9963  |i Or14  |p 52919/969